Clone identification II (Record no. 72686)

MARC details
000 -LEADER
fixed length control field 00352nam a2200145Ia 4500
100 ## - MAIN ENTRY--AUTHOR NAME
Personal name Mercykutty V.C.
245 #0 - TITLE STATEMENT
Title Clone identification II
260 ## - PUBLICATION, DISTRIBUTION, ETC. (IMPRINT)
Name of publisher Rubber
Year of publication 1998
300 ## - PHYSICAL DESCRIPTION
Number of Pages 15-18
650 ## - SUBJECT ADDED ENTRY--TOPICAL TERM
Topical Term Branching habit
650 ## - SUBJECT ADDED ENTRY--TOPICAL TERM
Topical Term Clones
650 ## - SUBJECT ADDED ENTRY--TOPICAL TERM
Topical Term Morphological characterisation
942 ## - ADDED ENTRY ELEMENTS (KOHA)
Koha item type Malayalam
Holdings
Withdrawn status Lost status Damaged status Not for loan Home library Current library Date acquired Serial Enumeration / chronology Koha item type
      Journals RRII Library RRII Library 29/12/2021 Volume 387, Issue Malayalam